Modern Rappers - Sudden Death - Statistics

General Stats
  • This quiz has been taken 123,801 times
  • The average score is 18 of 26
Answers on the Grid
Answers color-coded by a green-red scale on the quiz's grid according to % correct below.
2 Chainz
21 Savage
A$AP Rocky
Bad Bunny
Bama Red
Boutros Boutros-Ghali
Cardi B
DaBaby
Dave
Destiny
Doja Cat
Fetty Wap
Future
GloRilla
I See Ghosts
Ice Spice
Ja Rule
Jack Harlow
Juice WRLD
Kendrick Lamar
Khalif Raheem
Kodak Black
Lil Danky
Lil Uzi Vert
Lil Wayne
Lil Yachty
Megan Thee Stallion
Nicki Minaj
Offset
Playboi Carti
Sasha Banks
Scrub Killa
Ty Dolla Sign
Xplizit
XXXTentacion
Yung G
 
Answer Stats
Answer % Correct
A$AP Rocky
87%
Cardi B
86%
21 Savage
85%
Doja Cat
81%
DaBaby
79%
Kendrick Lamar
79%
Bad Bunny
78%
Juice WRLD
77%
Nicki Minaj
77%
Ice Spice
76%
Lil Wayne
76%
XXXTentacion
74%
2 Chainz
73%
Future
72%
Lil Uzi Vert
72%
Megan Thee Stallion
70%
Playboi Carti
69%
Fetty Wap
67%
Jack Harlow
67%
Lil Yachty
67%
Ty Dolla Sign
64%
Kodak Black
62%
GloRilla
60%
Offset
58%
Ja Rule
46%
Dave
45%
No matching quizzes found
Score Distribution
Percent of People with Each Score
Percentile by Number Answered
Your Score History
You have not taken this quiz